000 00680cab a2200277 4500
001 X610
008 090401t1993 xxu||||| |||| 00| 0 eng d
035 _a(Sirsi) u66536
041 _aeng
245 _aEmpty rates liability: the fight goes on
260 _c1993
350 _a0
490 _aCSW - The Property Week
_v43(5) 29 April 1993, 61(1)
650 _aBUSINESS RATES
650 _aEMPTY PROPERTY
650 _aIRRV
650 _aPROFESSIONAL BRIEFING
650 _aRATES
650 _aRETAIL PROPERTY
650 _aRICS
650 _aSUNDAY OPENING
650 _aSUNDAY TRADING
690 _aRATING AND VALUATION
942 _n0
948 _c04/03/1997
999 _c41568
_d41568